[Event "Pereira op"]
[Site "Pereira"]
[Date "2023.09.23"]
[Round "1"]
[White "Montiel Montes, Juliana"]
[Black "Cardozo, Stid Jafhar"]
[Result "0-1"]
[WhiteElo "1332"]
[BlackElo "1925"]
[PlyCount "74"]
[EventDate "2023.09.23"]
[EventType "swiss"]
[EventRounds "6"]
[EventCountry "COL"]
[SourceTitle "EXT 2024"]
[Source "ChessBase"]
[SourceDate "2023.10.10"]
[SourceVersion "1"]
[SourceVersionDate "2023.10.10"]
[SourceQuality "1"]

1. e4 c5 2. Nf3 d6 3. d4 cxd4 4. Nxd4 Nf6 5. Nc3 a6 6. Be2 e5 7. Nb3 Be6 8. 0-0 Be7 9. f4 Qc7 10. f5 Bc4 11. Be3 Nbd7 12. a4 Nb6 13. a5 Bxe2 14. Bxb6 Bxd1 15. Bxc7 Bxc2 16. Nd2 Rc8 17. Bb6 Rxc3 18. bxc3 Nxe4 19. Nxe4 Bxe4 20. Bc7 Kd7 21. Bb6 Rc8 22. Rae1 Bd3 23. Rf3 e4 24. Rh3 Bf6 25. Bd4 Bxd4+ 26. cxd4 Rh8 27. Ree3 Ke7 28. Kf2 Kf6 29. g4 h6 30. Rhg3 Rc8 31. Rg2 Kg5 32. h3 Kf4 33. Re1 e3+ 34. Kg1 Rc2 35. Rxc2 Bxc2 36. Kg2 Be4+ 37. Kf1 Kf3 0-1

[Event "COL-ch sf 2nd"]
[Site "Tunja"]
[Date "2018.04.18"]
[Round "2"]
[White "Cardozo, Stid Jafhar"]
[Black "Quinonez Garcia, Santiago"]
[Result "1/2-1/2"]
[WhiteElo "1927"]
[BlackElo "2192"]
[PlyCount "59"]
[EventDate "2018.04.17"]
[EventType "swiss"]
[EventRounds "10"]
[EventCountry "COL"]
[SourceTitle "CBM 184 Extra"]
[Source "ChessBase"]
[SourceDate "2018.06.28"]
[SourceVersion "1"]
[SourceVersionDate "2018.06.28"]
[SourceQuality "1"]

1. e4 c5 2. Nf3 g6 3. d4 cxd4 4. Nxd4 Nc6 5. c4 Nf6 6. Nc3 d6 7. f3 Nxd4 8. Qxd4 Bg7 9. Be3 0-0 10. Qd2 a5 11. b3 Bd7 12. Be2 Bc6 13. 0-0 Nd7 14. Rab1 Nc5 15. Rfc1 e6 16. a3 a4 17. Nxa4 Bxa4 18. bxa4 Qc7 19. Bd1 Rfd8 20. Rb5 b6 21. Rcb1 Ra6 22. Qb4 Nd3 23. Qb3 Nc5 24. Qb4 Nd7 25. Kh1 Rc8 26. Be2 Nc5 27. Bd1 Nd7 28. Be2 Nc5 29. Bd1 Nd7 30. Be2 1/2-1/2

[Event "Bogota Navidad op"]
[Site "Bogota"]
[Date "2016.12.09"]
[Round "5"]
[White "Cardozo, Stid Jafhar"]
[Black "Valdes, Nicolas"]
[Result "1-0"]
[WhiteElo "1727"]
[BlackElo "1997"]
[PlyCount "55"]
[EventDate "2016.12.07"]
[EventType "swiss"]
[EventRounds "9"]
[EventCountry "COL"]
[SourceTitle "CBM 176 Extra"]
[Source "ChessBase"]
[SourceDate "2017.03.02"]
[SourceVersion "1"]
[SourceVersionDate "2017.03.02"]
[SourceQuality "1"]

1. e4 Nc6 2. d4 e5 3. Nf3 exd4 4. Nxd4 Bc5 5. Nxc6 Qf6 6. Qf3 Qxc6 7. Nc3 Bb4 8. Bd2 Nf6 9. Bd3 0-0 10. 0-0-0 a6 11. Qg3 Qe6 12. f4 Qg4 13. e5 Qxg3 14. hxg3 Ng4 15. Bxh7+ Kh8 16. Be4+ Kg8 17. Nd5 Bc5 18. b4 c6 19. Bh7+ Kh8 20. Bf5+ Nh6 21. Nc7 Rb8 22. bxc5 d5 23. Bxc8 Rbxc8 24. Ba5 Kh7 25. f5 Kg8 26. Rh5 Kh7 27. Rdh1 Rh8 28. g4 1-0

[Event "Bogota Navidad op"]
[Site "Bogota"]
[Date "2016.12.07"]
[Round "1"]
[White "Palencia Morales, Wilson Guillermo"]
[Black "Cardozo, Stid Jafhar"]
[Result "1-0"]
[WhiteElo "2328"]
[BlackElo "1727"]
[PlyCount "61"]
[EventDate "2016.12.07"]
[EventType "swiss"]
[EventRounds "9"]
[EventCountry "COL"]
[SourceTitle "CBM 176 Extra"]
[Source "ChessBase"]
[SourceDate "2017.03.02"]
[SourceVersion "1"]
[SourceVersionDate "2017.03.02"]
[SourceQuality "1"]

1. e4 c5 2. Nf3 e6 3. Nc3 a6 4. a4 b6 5. Bd3 Bb7 6. 0-0 d6 7. Re1 Nd7 8. Ne2 Ngf6 9. Ng3 Be7 10. c3 Qc7 11. Bc2 Rc8 12. d3 0-0 13. Bg5 Ne5 14. Nd2 h6 15. Bxf6 Bxf6 16. f4 Ng6 17. Qg4 Bh4 18. f5 exf5 19. exf5 Qd7 20. Nc4 b5 21. axb5 axb5 22. Ne3 Bxg3 23. Qxg3 Ne5 24. d4 cxd4 25. cxd4 Nc4 26. f6 g6 27. Nf5 Kh7 28. Re7 Qc6 29. Ne3 Kh8 30. Qf4 Kh7 31. Bxg6+ 1-0

[Event "COL sub zt 2.3.4"]
[Site "La Dorada"]
[Date "2016.11.07"]
[Round "9"]
[White "Agudelo, Carlos Hernan"]
[Black "Cardozo, Stid Jafhar"]
[Result "1-0"]
[WhiteElo "2085"]
[BlackElo "1826"]
[PlyCount "51"]
[EventDate "2016.11.02"]
[EventType "swiss"]
[EventRounds "9"]
[EventCountry "COL"]
[SourceTitle "CBM 175 Extra"]
[Source "ChessBase"]
[SourceDate "2016.12.12"]
[SourceVersion "1"]
[SourceVersionDate "2016.12.12"]
[SourceQuality "1"]

1. b3 Nf6 2. Bb2 c5 3. e3 d5 4. f4 e6 5. Nf3 Be7 6. Bd3 b6 7. 0-0 Ba6 8. Qe2 Bxd3 9. cxd3 Nc6 10. d4 0-0 11. Ne5 Rc8 12. d3 cxd4 13. Nxc6 Rxc6 14. Bxd4 Qc7 15. Nd2 Rc2 16. Qd1 Rc8 17. Nc4 dxc4 18. Qxc2 c3 19. a3 a5 20. Rfc1 Nd5 21. Qf2 Bf6 22. Bxf6 Nxf6 23. e4 b5 24. b4 axb4 25. axb4 c2 26. Rxc2 1-0

[Event "COL sub zt 2.3.4"]
[Site "La Dorada"]
[Date "2016.11.04"]
[Round "4"]
[White "Aponte Castillo, Jose Ernesto"]
[Black "Cardozo, Stid Jafhar"]
[Result "1-0"]
[WhiteElo "2057"]
[BlackElo "1826"]
[PlyCount "55"]
[EventDate "2016.11.02"]
[EventType "swiss"]
[EventRounds "9"]
[EventCountry "COL"]
[SourceTitle "CBM 175 Extra"]
[Source "ChessBase"]
[SourceDate "2016.12.12"]
[SourceVersion "1"]
[SourceVersionDate "2016.12.12"]
[SourceQuality "1"]

1. d4 Nf6 2. c4 e6 3. g3 d5 4. Nf3 Bd6 5. Bg2 0-0 6. 0-0 c6 7. Nc3 Nbd7 8. b3 Re8 9. Bb2 Qa5 10. Qc2 dxc4 11. bxc4 e5 12. e3 exd4 13. exd4 Nf8 14. c5 Be7 15. Rfe1 h6 16. Rab1 Be6 17. Bc1 Bc8 18. Ne5 Qc7 19. Bf4 Ne6 20. Nxc6 Nxf4 21. Nxe7+ Rxe7 22. Rxe7 Qxe7 23. gxf4 Qc7 24. Qd2 a6 25. Qe3 Rb8 26. Qe5 Qxe5 27. fxe5 Ne8 28. c6 1-0